A Dictionary of Wisdom / (Record no. 523616)

000 -LEADER
fixed length control field 00371nam a22001577a 4500
003 - CONTROL NUMBER IDENTIFIER
control field NUST
020 ## - INTERNATIONAL STANDARD BOOK NUMBER
International Standard Book Number 9789693708820
038 ## - RECORD CONTENT LICENSOR
Staff Name waseem
082 ## - DEWEY DECIMAL CLASSIFICATION NUMBER
Classification number 128
Author Mark DIC
100 ## - MAIN ENTRY--PERSONAL NAME
Personal name Bhatti, Amjad Ali
9 (RLIN) 14347
245 ## - TITLE STATEMENT
Title A Dictionary of Wisdom /
Statement of responsibility, etc. Amjad Ali Bhatti
260 ## - PUBLICATION, DISTRIBUTION, ETC.
Place of publication, distribution, etc. Islamabad :
Name of publisher, distributor, etc. N.B.F,
Date of publication, distribution, etc. 2015.
300 ## - PHYSICAL DESCRIPTION
Extent 992 p. ;
500 ## - GENERAL NOTE
General note Hardcover.
942 ## - ADDED ENTRY ELEMENTS (KOHA)
Source of classification or shelving scheme
Koha item type Book
Holdings
Withdrawn status Lost status Source of classification or shelving scheme Damaged status Not for loan Permanent Location Current Location Date acquired Full call number Barcode Date last seen Price effective from Koha item type Source of acquisition
          Central Library (CL) Central Library (CL) 05/16/2019 128 DIC CL-E-2094 05/16/2019 05/16/2019 Reference  
          Central Library (CL) Central Library (CL) 03/09/2020 128 DIC CL-D-910 03/09/2020 03/09/2020 Reference Donation
© 2023 Central Library, National University of Sciences and Technology. All Rights Reserved.